Регионална библиотека "Любен Каравелов" - Русе

Пейзажът в българската икона (Запис номер 209018)

MARC детайли
000 -Лидер
Контролно поле с фиксирана дължина 02036nkm a2200457 c 4500
003 - Код на организацията, давaща контролен номер
Контролно поле BLK
005 - Дата и час на последна редакция
Контролно поле 20210216132134.0
008 - Елементи от данни с фиксирана дължина
fixed length control field 180412b bul rap|r|||| r0| ||bulo|
010 ## - Наследен системен номер
LC control number KNG00083340000
020 ## - Международен стандартен номер на книга ISBN
Международен стандартен номер на книга ISBN 978-954-92043-1-5
040 ## - Източник на каталожния запис
Идентификатор на билиотеката - собственик на записа BLK
041 ## - Код за език
Код за езика на текст/звукозапис или на отделно заглавие Български
Код за езика КДБФ Български
Други езици Английски
080 ## - УДК
Текстов определител УДК Религиозна живопис
УДК код - определител по УДК 75.046
УДК определител (497.2)(084)
УДК - код + определител 75.046(497.2)(084)
080 ## - УДК
Текстов определител УДК Иконография. Емблематика. Криптография. Символи. Катакомбна символика
УДК код - определител по УДК 246.5
УДК определител :281.962
УДК - код + определител 246.5:281.962
080 ## - УДК
Текстов определител УДК Пейзажи
УДК код - определител по УДК 75.047
УДК определител :75.046(497.2)(084)
УДК - код + определител 75.047:75.046(497.2)(084)
139 ## - Редно поле
Редна дума Пейзажът в българската икона
Авторски знак Пеи - П 33
245 10 - Сведения за заглавието
Заглавие Пейзажът в българската икона
Редно поле (дума) състав. Иванка Гергова; съавт. Владимир Руменов; прев. на англ. Слава Янакиева.
246 11 - Различни форми на заглавието
Паралелно заглавие andscape Images in Bulgarians Icon Painting
257 ## - Страна на издаване
Страна на създаване/издаване България
260 ## - Област на издателските данни
Име на издателя, разпространителя и проч. 41Т
Година на издаване 2007
Печатница София : ПК Д. Благоев
Място на издаване, разпространение и проч. София
300 ## - Физическа характеристика
Страници 112 с.
Илюстрации и др. с ил.
Размери/Мащаб 31 см
380 ## - Жанр
Жанр Изкуство
500 ## - Общи забележки
Забележка Офс. изд. - Парал. текст на англ. ез.
650 #4 - Допълнително описание по предмет – тема
Основно описание – тема или топоним Иконопис, българска
9 (RLIN) 263057
650 #4 - Допълнително описание по предмет – тема
Основно описание – тема или топоним Изобразително изкуство, християнско - България
9 (RLIN) 246251
650 #4 - Допълнително описание по предмет – тема
Основно описание – тема или топоним Икони, български - албуми
9 (RLIN) 351287
651 #4 - Допълнително описание по предмет - топоним
Географско понятие България
9 (RLIN) 241624
653 ## - Ключова дума – ненормативна
Ключова дума икони
653 ## - Ключова дума – ненормативна
Ключова дума иконопис
653 ## - Ключова дума – ненормативна
Ключова дума пейзажи
653 ## - Ключова дума – ненормативна
Ключова дума християнско изкуство
653 ## - Ключова дума – ненормативна
Ключова дума албуми
700 1# - Други автори (авторска отговорност)
Лично име Гергова, Иванка
Автороска отговорност (Описва отношението между автора и произведението) състав.
9 (RLIN) 351677
700 1# - Други автори (авторска отговорност)
Лично име Руменов, Владимир
Автороска отговорност (Описва отношението между автора и произведението) съавт.
9 (RLIN) 351678
700 1# - Други автори (авторска отговорност)
Лично име Янакиева, Слава
Автороска отговорност (Описва отношението между автора и произведението) прев. на англ.
9 (RLIN) 372052
852 ## - Местоположение
Форматна сигнатура Цб ІІ 27234
856 4# - Електронен адрес и достъп
Електронен формат pdf - файл
Път до файла /url/
856 4# - Електронен адрес и достъп
Електронен формат pdf - файл
Път до файла /url/
999 ## - СИСТЕМНИ КОНТРОЛНИ НОМЕРА
Koha biblionumber 209018
Koha biblioitemnumber 209018
942 ## - АРТИКУЛИ
Вид на библиотечния материал Графични издания
Скрит в OPAC Не
Периодичен библиозапис Да
944 ## - СЪЗДАВАНЕ И РЕДАКЦИЯ на ЗАПИСА
Създаване/Редакция Създаване
Дата на регистрацията/редакция 18.04.2008
Служител, извършил регистрацията/редакцията Людмила_Стоянова
944 ## - СЪЗДАВАНЕ И РЕДАКЦИЯ на ЗАПИСА
Създаване/Редакция Редакция
Дата на регистрацията/редакция 10.06.2008
999 ## - СИСТЕМНИ КОНТРОЛНИ НОМЕРА
Koha biblioitemnumber 209018
Наличности
Код за отписване Код за изгубен артикул Източник на класификационната схема Код за повреда Коз за рестрикции Код за отдаване Артикулен № Име на библиотеката - собственик Име на библиотеката, в която се намира в момента Статус (Текущо местоположение) Дата на вписване в системата Местоположение - отдел Цена в лева Инвентарен номер Систематично азбучна сигнатура Баркод Номер на екземпляра Цена в евро Служебна бележка Служебен тип на артикула
  Не е изгубен Universal Decimal Classification Не е повреден без рестрикции ползва се в читалня 360193 Регионална библиотека "Любен Каравелов" Русе Регионална библиотека "Любен Каравелов" Русе Хранилище 2008-04-17 Хранилище 0.00 120000725715 Цб ІІ 27234 120000725715 1 0.00 Дост: Dp Вид: Д N: 11 Дата: 13.02.2008 Графични издания
Vip Innovations Ltd, Rousse, Bulgaria 2025